000 00429nam a2200181Ia 4500
001 10219
005 20260306161816.0
008 260306t1958||||xx |||||||||||||| ||spa||
041 _aESP
082 _a909.02
_bC28
100 _aCarroll Bark, William
_eAUT
245 0 _aOrigins of the medieval world
260 _c1958
300 _a162 páginas :
_c22 cm.
650 _aGEN
654 _aCHU
942 _cLIB
_dJUS
_fJUS
_2ddc
_n
999 _c10219
_d10219